<?xml version="1.0" encoding="UTF-8"?>
<record
    xmlns:xsi="http://www.w3.org/2001/XMLSchema-instance"
    xsi:schemaLocation="http://www.loc.gov/MARC21/slim http://www.loc.gov/standards/marcxml/schema/MARC21slim.xsd"
    xmlns="http://www.loc.gov/MARC21/slim">

  <leader>01426    a2200265   4500</leader>
  <controlfield tag="001">5148473</controlfield>
  <controlfield tag="003">UA-OsUOA</controlfield>
  <controlfield tag="005">20260318160236.0</controlfield>
  <controlfield tag="008">200228b        pl ||||| |||| 00| 0 pol d</controlfield>
  <datafield tag="020" ind1=" " ind2=" ">
    <subfield code="a">9788375689143</subfield>
  </datafield>
  <datafield tag="040" ind1=" " ind2=" ">
    <subfield code="a">UA-OsUOA</subfield>
    <subfield code="b">pol</subfield>
    <subfield code="c">UA-OsUOA</subfield>
    <subfield code="d">UA-OsUOA</subfield>
  </datafield>
  <datafield tag="041" ind1=" " ind2=" ">
    <subfield code="a">pol</subfield>
  </datafield>
  <datafield tag="080" ind1=" " ind2=" ">
    <subfield code="a">821.162.1</subfield>
  </datafield>
  <datafield tag="090" ind1=" " ind2=" ">
    <subfield code="a">821.162.1</subfield>
    <subfield code="b">N60</subfield>
  </datafield>
  <datafield tag="100" ind1=" " ind2=" ">
    <subfield code="a">Nienacki Z.</subfield>
    <subfield code="9">24532</subfield>
  </datafield>
  <datafield tag="245" ind1=" " ind2=" ">
    <subfield code="a">Ksi&#x119;ga strach&#xF3;w</subfield>
    <subfield code="c">Zbigniew Nienacki</subfield>
  </datafield>
  <datafield tag="260" ind1=" " ind2=" ">
    <subfield code="b">Siedmior&#xF3;g</subfield>
    <subfield code="c">2012</subfield>
    <subfield code="a">Wroc&#x142;aw</subfield>
  </datafield>
  <datafield tag="300" ind1=" " ind2=" ">
    <subfield code="a">320 s.</subfield>
  </datafield>
  <datafield tag="490" ind1=" " ind2=" ">
    <subfield code="a">Pan Samochodzik</subfield>
  </datafield>
  <datafield tag="520" ind1=" " ind2=" ">
    <subfield code="a">Tytulowy bohater, pan Tomasz, tym razem poszukuje pamietnika niemieckiego oficera z czas&#xF3;w II wojny swiatowej. Po raz kolejny towarzysza mu trzej dzielni harcerze: Wiewi&#xF3;rka, Sokole Oko i Wilhelm Tell, a przeciwnicy jak zwykle sa okrutni i bezwzgledni. Kim oni sa? Komu jeszcze zalezy na odnalezieniu kompromitujacych wyznan zbrodniarza wojennego? I kto pierwszy odnajdzie kryj&#xF3;wke sprzed lat?

Przygody Pana Samochodzika to od kilkudziesieciu lat obowiazkowa lektura mlodych wielbicieli sensacji. Juz miliony czytelnik&#xF3;w doskonale znaja dziwaczny samoch&#xF3;d i jego wlasciciela - specjaliste od ratowania skarb&#xF3;w i rozwiazywania zagadek z przeszlosci.</subfield>
  </datafield>
  <datafield tag="650" ind1=" " ind2=" ">
    <subfield code="2">UDC</subfield>
    <subfield code="a">821.162.1 &#x41F;&#x43E;&#x43B;&#x44C;&#x441;&#x44C;&#x43A;&#x430; &#x43B;&#x456;&#x442;&#x435;&#x440;&#x430;&#x442;&#x443;&#x440;&#x430;</subfield>
    <subfield code="9">1887</subfield>
  </datafield>
  <datafield tag="942" ind1=" " ind2=" ">
    <subfield code="c">BK</subfield>
    <subfield code="2">udc</subfield>
  </datafield>
  <datafield tag="955" ind1=" " ind2=" ">
    <subfield code="a">3</subfield>
  </datafield>
  <datafield tag="999" ind1=" " ind2=" ">
    <subfield code="c">458291</subfield>
    <subfield code="d">458291</subfield>
  </datafield>
  <datafield tag="952" ind1=" " ind2=" ">
    <subfield code="0">0</subfield>
    <subfield code="1">0</subfield>
    <subfield code="2">udc</subfield>
    <subfield code="4">0</subfield>
    <subfield code="7">0</subfield>
    <subfield code="a">104</subfield>
    <subfield code="b">104</subfield>
    <subfield code="d">2020-02-28</subfield>
    <subfield code="e">&#x2116;2/2020</subfield>
    <subfield code="g">20.00</subfield>
    <subfield code="l">1</subfield>
    <subfield code="o">821.162.1 N60</subfield>
    <subfield code="p">216833</subfield>
    <subfield code="r">2025-12-22 11:43:01</subfield>
    <subfield code="s">2025-09-05</subfield>
    <subfield code="v">20.00</subfield>
    <subfield code="w">2020-02-28</subfield>
    <subfield code="y">BK</subfield>
  </datafield>
</record>
